| 000 | 00983naa a22002777a 4500 | ||
|---|---|---|---|
| 001 | BR8305861 | ||
| 003 | BR-BrBNA | ||
| 005 | 20240918175358.0 | ||
| 007 | ta | ||
| 008 | 230509b bl.||||| |||| 00| 0 por d | ||
| 040 |
_aBR-BrBNA _bpor _cBiblioteca Nacional de Agricultura |
||
| 041 | _a(Pt) | ||
| 072 | _aC20 | ||
| 090 | _aC20 BR8305861 | ||
| 100 | 1 | _aRibeiro Junior, W. | |
| 111 | 1 |
_a1. Seminario Agropecuario do Acre _cRio Branco, AC (Brazil) _d13-17 Jun 1983 |
|
| 245 | 1 | _aProjeto estadual de multiplicadores e juventude rural | |
| 260 | 3 |
_aRio Branco, AC (Brasil): _c1983. |
|
| 500 | _aAnais do 1. Seminario Agropecuario do Acre Rio Branco, AC (Brasil): 1983. p. 181-194 (BR8305861-AM)C20 | ||
| 650 | _aEXTENSAO RURAL | ||
| 650 | _aASSISTENCIA SOCIAL | ||
| 650 | _aCOMUNIDADE RURAL | ||
| 773 | 0 |
_tAnais do 1. Seminario Agropecuario do Acre _wC20 BR8305861 _gRio Branco, AC (Brasil), 1983. p. 181-194 |
|
| 909 |
_a202404 _bLucia _c55 _dLucia Elande |
||
| 942 |
_cAM _2AGRIS |
||
| 999 |
_c316396 _d316396 |
||